Justine (Record no. 118764)

MARC details
000 -LEADER
fixed length control field 00430nam a2200133Ia 4500
008 - FIXED-LENGTH DATA ELEMENTS--GENERAL INFORMATION
fixed length control field 211119s9999||||xx |||||||||||||| ||und||
082 ## - DEWEY DECIMAL CLASSIFICATION NUMBER
Classification number 894.812 3
Item number DUR-J
100 ## - MAIN ENTRY--PERSONAL NAME
Personal name Durrell, Lawrence
245 #0 - TITLE STATEMENT
Title Justine
260 ## - PUBLICATION, DISTRIBUTION, ETC.
Name of publisher, distributor, etc. Mathrubhoomi Books
Place of publication, distribution, etc. Kottayam
Date of publication, distribution, etc. 2008
300 ## - PHYSICAL DESCRIPTION
Extent 179p
650 ## - SUBJECT ADDED ENTRY--TOPICAL TERM
Topical term or geographic name entry element Literature & rhetoric
942 ## - ADDED ENTRY ELEMENTS (KOHA)
Koha item type BOOK
650 ## - SUBJECT ADDED ENTRY--TOPICAL TERM
Form subdivision Literatures of other languagesAltaic, Uralic, Hyperborean & Dravidian Malayalam
General subdivision General Stack
Holdings
Withdrawn status Lost status Source of classification or shelving scheme Damaged status Not for loan Home library Current library Date acquired Cost, normal purchase price Full call number Barcode Shelving location Date last seen Price effective from Koha item type
    Dewey Decimal Classification     SB LIBRARY SB LIBRARY 19/11/2021 90.00 894.8123 DUR-J 00132251 POST GRADUATE REFERENCE 19/11/2021 19/11/2021 BOOK

Powered by Koha